Logo BPK

Bibliografia Prac Pracowników

Politechniki Koszalińskiej

Układ do rejestracji topografii powierzchni technicznych / (Rekord nr 7340)

Szczegóły MARC
000 -ETYKIETA REKORDU
podpole kontrolne o stałej długości 00857naa a22002177a 4500
003 - IDENTYFIKATOR NUMERU KONTROLNEGO REKORDU
podpole kontrolne BPK
005 - DATA OSTATNIEJ MODYFIKACJI REKORDU
podpole kontrolne 20160222142312.0
008 - POLE O STAŁEJ DŁUGOŚCI - DANE KONTROLNE
podpole kontrolne o stałej długości 160222b1985 pl ||||| |||| 10| 0 pol
040 ## - ŹRÓDŁO KATALOGOWANIA
Instytucja, która utworzyła rekord BPK
080 ## - UNIWERSALNA KLASYFIKACJA DZIESIĘTNA - UKD
UKD 528.425
100 ## - NAZWA OSOBOWA
Nazwa osobowa ŁUKIANOWICZ, Czesław.
Lata pracy 1973 - 1996.
Instytucja Wyższa Szkoła Inżynierska w Koszalinie - Wydział Mechaniczny,
Wydział Zakład Technologii Maszyn
245 ## - TYTUŁ/ODPOWIEDZIALNOŚĆ
Tytuł Układ do rejestracji topografii powierzchni technicznych /
Pozostałe elementy strefy tytułu i oznaczenia odpowiedzialności Czesław Łukianowicz.
260 ## - STREFA ADRESU WYDAWNICZEGO
Data publikacji, dystrybucji/powstania dokumentu 1985.
500 ## - UWAGI OGÓLNE
Tekst uwagi Dane z kartoteki bpp.
650 #0 - HASŁO PRZEDMIOTOWE W FORMIE NAZWY OGÓLNEJ LUB JEDNOSTKOWEJ
Nazwa ogólna lub geograficzna Topografia.
650 #0 - HASŁO PRZEDMIOTOWE W FORMIE NAZWY OGÓLNEJ LUB JEDNOSTKOWEJ
Nazwa ogólna lub geograficzna Powierzchnia.
655 #0 - TERMIN INDEKSOWY - OKREŚLENIE RODZAJU/FORMY DOKUMENTU
Określnie rodzaju/formy dokumentu Materiały konferencyjne.
711 ## - HASŁO DODATKOWE - NAZWA IMPREZY
Nazwa imprezy Międzynarodowa Konferencja Metrologów
Oznaczenie części/sekcji dzieła (8 ;
Data imprezy 1985 ;
Miejsce imprezy Zielona Góra, Polska).
773 ## - TYTUŁ DOKUMENTU MACIERZYSTEGO
Wyrażenie wprowadzające W :
Tytuł VIII Międzynarodowa Konferencja Metrologów. -
Adres wydawniczy Zielona Góra, 1985. -
Informacje dotyczące relacji s. 170-173
942 ## - HASŁO DODATKOWE - ELEMENTY(KOHA)
Typ dokumentu Artykuł
Schemat klasyfikacji Uniwersalna klasyfikacja dziesiętna

Brak dostępnych egzemplarzy.

© 2014 Biblioteka Politechniki Koszalińskiej :: BIBLIOGRAFIA PRAC PRACOWNIKÓW